| 000 | 05124cam a22013814i 4500 | ||
|---|---|---|---|
| 003 | PE-LiUPU | ||
| 005 | 20250813185406.0 | ||
| 008 | 140319s2016 sp a rb 000 0 spa d | ||
| 020 | _a8436835158 | ||
| 020 | _a9788436835151 | ||
| 035 | _a(Sirsi) i9788436835151 | ||
| 040 |
_aPE-LiUPU _bspa _cPE-LiUPU _erda |
||
| 049 | _aPRUA | ||
| 082 | 0 | 4 |
_a159.922 _bP84 _220 |
| 082 | 0 | 4 |
_a370.15 _bM2 _220 |
| 245 | 0 | 0 |
_aManual de psicología de la educación : _bpara docentes de Educación Infantil y Primaria / _ceditor María del Mar Prados Gallardo [y otros ocho]. |
| 250 | _a2a. edición. | ||
| 264 | 1 |
_aMadrid : _bPirámide, _c[2016]. |
|
| 300 |
_a255 páginas : _bilustraciones ; _c24 centímetros. |
||
| 336 |
_atext _2rdacontent |
||
| 337 |
_aunmediated _2rdamedia |
||
| 338 |
_avolume _2rdacarrier |
||
| 490 | 0 | _aPsicología | |
| 504 | _aBibliografía al final de cada capítulo. | ||
| 505 | 0 | _aPrincipales modelos teóricos ante los procesos de enseñanza y aprendizaje -- Procesos cognitivos y estilos de los aprendices -- Variables psicológicas implicadas en el aprendizaje: procesos metacognitivos -- Variables psicológicas implicadas en el aprendizaje: el sentido del aprendizaje -- El papel del docente en la construcción del conocimiento en el aula -- La interacción entre iguales en el aula: el trabajo cooperativo -- La educación de la convivencia escolar en educación infantil y primaria -- Educación emocional y bienestar docente -- Juego y creatividad en el aula -- Enseñar y aprender la lengua escrita -- Enseñar y aprender el conocimiento lógico-matemático. | |
| 526 | _aP202 | ||
| 526 | _aP201 | ||
| 526 | _aP163 | ||
| 526 | _aP162 | ||
| 526 | _aP161 | ||
| 526 | _aP160 | ||
| 526 | _aP148 | ||
| 526 | _aP147 | ||
| 526 | _aP146 | ||
| 526 | _aP145 | ||
| 526 | _aP144 | ||
| 526 | _aP143 | ||
| 526 | _aP142 | ||
| 526 | _aP141 | ||
| 526 | _aP140 | ||
| 526 | _aP139 | ||
| 526 | _aP138 | ||
| 526 | _aP137 | ||
| 526 | _aP136 | ||
| 526 | _aP135 | ||
| 526 | _aP134 | ||
| 526 | _aP133 | ||
| 526 | _aP129 | ||
| 526 | _aP128 | ||
| 526 | _aP127 | ||
| 526 | _aP120 | ||
| 526 | _aP119 | ||
| 526 | _aP118 | ||
| 526 | _aP116 | ||
| 526 | _aP115 | ||
| 526 | _aP114 | ||
| 526 | _aP110 | ||
| 526 | _aP109 | ||
| 526 | _aP108 | ||
| 526 | _aP104 | ||
| 526 | _aP103 | ||
| 526 | _aP102 | ||
| 526 | _aP99 | ||
| 526 | _aP98 | ||
| 526 | _aP97 | ||
| 526 | _aP96 | ||
| 526 | _aP95 | ||
| 526 | _aP93 | ||
| 526 | _aP90 | ||
| 526 | _aP89 | ||
| 526 | _aP88 | ||
| 526 | _aP83 | ||
| 526 | _aP82 | ||
| 526 | _aP62 | ||
| 526 | _aP59 | ||
| 526 | _aP58 | ||
| 526 | _aP57 | ||
| 526 | _aP51 | ||
| 526 | _aP49 | ||
| 526 | _aP48 | ||
| 526 | _aP47 | ||
| 526 | _aP29 | ||
| 526 | _aP24 | ||
| 526 | _aP20 | ||
| 526 | _aP19 | ||
| 526 | _aP17 | ||
| 526 | _aP15 | ||
| 526 | _aP14 | ||
| 526 | _aP12 | ||
| 526 | _aP10 | ||
| 526 | _aP09 | ||
| 526 | _aP08 | ||
| 526 | _aP07 | ||
| 526 | _aP06 | ||
| 526 | _aP05 | ||
| 526 | _aP04 | ||
| 526 | _aP01 | ||
| 541 | _g0020-0002813; | ||
| 541 | _gF002-00000344; | ||
| 541 | _gF002-00001570; | ||
| 541 | _g004-000263; | ||
| 650 | 0 | 4 |
_aEducación preescolar _xAspecto psicológico. |
| 650 | 0 | 4 |
_aEducación primaria _xAspecto psicológico. |
| 650 | 0 | 4 |
_aPsicología pedagógica _vManuales. |
| 700 | 1 |
_aPrados Gallardo, María del Mar, _eeditor. |
|
| 910 |
_armch _btqv _cwelc _d20170801 |
||
| 910 |
_abgr _bjpc _cjpc _d20190814 |
||
| 910 |
_adbm _bksl _cksl _d20191018 |
||
| 942 |
_2ddc _cBOOK |
||
| 994 |
_aC0 _bPEPRU |
||
| 596 | _a1 3 | ||
| 999 |
_a159.922 P84 2016 _wDEWEY _c24826 _iFJ08343 _d24826 _e2018-10-31 _f2022-1-17 _g4 _lCCODEBUJ1 _mBUJ _n1 _p31.40 _q8 _r0 _sY _tBOOK _u2017-8-1 _xSALUD _PP33 _0COMPRA _o.STAFF. Colección General Juliaca |
||
| 999 |
_a159.922 P84 2016 _wDEWEY _c2 _iFJ08344 _d2019-3-26 _e2019-3-15 _f2022-1-17 _g4 _lCCODEBUJ1 _mBUJ _n3 _p31.40 _q4 _r0 _sY _tBOOK _u2017-8-1 _xSALUD _PP33 _0COMPRA _o.STAFF. Colección General Juliaca |
||
| 999 |
_a159.922 P84 2016 _wDEWEY _c3 _iFJ11573 _d2019-5-22 _e2019-5-13 _f2022-1-17 _g3 _lCCODEBUJ1 _mBUJ _n3 _p31.00 _q4 _r0 _sY _tBOOK _u2018-9-6 _xSALUD _PP33 _0COMPRA _1FCOMPRA _o.STAFF. Colección General Juliaca |
||
| 999 |
_a370.15 M2 _wDEWEY _c1 _i80446 _f2021-11-8 _g3 _lCCODEBUL1 _mBUL _p32.00 _r0 _sY _tBOOK _u2019-8-14 _xEDUCACION _PP33 _0COMPRA _1FCOMPR3 _o.STAFF. Colección Ciencias de la Salud |
||
| 999 |
_a370.15 M2 _wDEWEY _c2 _i80447 _d2019-9-19 _e2019-9-15 _f2021-11-8 _g3 _lCCODEBUL1 _mBUL _n2 _p32.00 _r0 _sY _tBOOK _u2019-8-14 _xEDUCACION _PP33 _0COMPRA _1FCOMPR3 _o.STAFF. Colección Ciencias de la Salud |
||
| 999 |
_a370.15 M2 _wDEWEY _c3 _i80854 _f2021-11-8 _g3 _lCCODEBUL1 _mBUL _p26.90 _r0 _sY _tBOOK _u2019-10-18 _xEDUCACION _zP59 _0COMPRA _1FCOMPR4 _o.STAFF. Colección Ciencias Humanas y Educación |
||
| 980 |
_81 _gALBERTO SANCHEZ Responsable de Automatización |
||